000 02989nam0a2200397 4500
001 RU\NLR\BIBL_A\012802660
005 20221012172440.0
010 _a978-5-8209-2038-7
_9500
021 _aRU
_bКН-П-22-012043
_9КН-П-22-1024
035 _a(NLR Aleph) 012802660
035 _a(RuMoRGB)010993278
090 _a13187834
_c13187834
100 _a20220527d2022 u y0rusy50 ca
101 0 _arus
102 _aRU
105 _ay z 000zy
181 0 _ai
_baxxe
182 0 _an
200 1 _aМетоды научных исследований
_eучебно-методическое пособие
_fВ. В. Анисимова, Т. А. Волкова
_gМинистерство науки и высшего образования Российской Федерации, Кубанский государственный университет
203 _aТекст
_bвизуальный
_cнепосредственный
210 _aКраснодар
_cКубанский государственный университет
_d2022
215 _a183 с.
_d21
320 _aБиблиогр.: с. 154-156 и в подстроч. примеч.
330 _aВ пособии представлены материалы для лекционных занятий, учебно-методическое обеспечение, задания для самостоятельной и аудиторной работы, рекомендуемая литература и глоссарий. Данное пособие учитывает особенность специализации в образовании бакалавров и составляет основу для успешного осуществления дальнейшей профессиональной деятельности
606 1 _aНаучно-исследовательская работа
_jУчебно-методические пособия для высших учебных заведений
_9924141
_3RU\NLR\AUTH\6620470
606 1 _aНаучные исследования
_jУчебно-методические пособия для высших учебных заведений
_xМетоды
_92482813
_3RU\NLR\AUTH\6601690250
606 1 _aТуризм
_jУчебно-методические пособия для высших учебных заведений
_xНаучно-исследовательская работа
_92188589
_3RU\NLR\AUTH\6601551681
686 1 _aЧ215я73
686 1 _aЧ518.1е.я73
686 1 _aЮ251.51я73
700 1 _aАнисимова
_bВ. В.
_cканд. геогр. наук
_f1984-
_gВиктория Викторовна
_9136193
_3RU\NLR\AUTH\770136228
701 1 _aВолкова
_bТ. А.
_cканд. геогр. наук, туризм
_f1983-
_gТатьяна Александровна
_9136192
_3RU\NLR\AUTH\770136227
942 _cBOOK
980 _aNB